| 000 | 00777cam a22002651 4500 | ||
|---|---|---|---|
| 001 | sa 68007154 | ||
| 003 | DLC | ||
| 005 | 20260227112520.0 | ||
| 008 | 900205m19679999ii b 000 0 hino | ||
| 010 | _asa 68007154 | ||
| 035 | _a(OCoLC)21004901 | ||
| 040 |
_aDLC _cWaU _dOCoLC _dDLC |
||
| 041 | 0 | _ahinsan | |
| 042 | _apremarc | ||
| 043 | _aa-ii--- | ||
| 050 | 0 | 0 |
_aPK2031 _b.U62 |
| 100 | 1 |
_aUpadhyaya, Baldeva, _d1899-1999. |
|
| 245 | 1 | 0 | _aBhāratīya sāhityaśāstra. |
| 260 | _c[1967 or 8- ] | ||
| 300 |
_av. _c23 cm. |
||
| 500 | _aHindi or Sanskrit; introductory matter and commentary in Hindi. | ||
| 500 | _aList of the author's works: v. 2 p. [3] (1st group) | ||
| 504 | _aBibliographical footnotes. | ||
| 650 | 0 |
_aHindi literature _xHistory and criticism. |
|
| 999 |
_c81668 _d81668 |
||